| 000 | 00421nam a2200133Ia 4500 | ||
|---|---|---|---|
| 008 | 231129s9999||||xx |||||||||||||| ||spa|| | ||
| 020 | _a84-8276-417-9 | ||
| 040 | _bspa | ||
| 082 | _a658.40973 P481e | ||
| 100 | _aPeters Thomas J. | ||
| 245 | 0 | _aEn busca de la excelencia : Experiencias de las empresas mejor gerenciadas de los Estados Unidos | |
| 264 | _aNorma | ||
| 942 |
_2ddc _cBKS |
||
| 999 |
_c12835 _d12835 |
||